000 00726nam a2200193 i 4500
001 142907
003 ES-MaACL
005 20250824231149.0
007 t|
008 071010s1984 sp ||||1| spa d
100 1 _aVicente Arregui, Jorge.
_9114349
245 1 0 _aAcción y sentido en Wittgenstein /
_cJorge Vicente Arregui.
260 _aPamplona :
_bUniversidad de Navarra,
_c1984.
300 _a258 p. ;
_c22 cm.
490 1 _aPublicaciones de la Facultad de Filosofía y Letras de la Universidad de Navarra. Colección filosófica ;
_v40
830 0 0 _aPublicaciones de la Facultad de Filosofía y Letras de la Universidad de Navarra
_v40
_9242043
852 _aES-MaACL
_jG-3498
_bR.114650
999 _c142907
_d142907